000
00247nam a22001097a 4500
082
_a
894.812.3
_b
EDI/D
245
_a
THIVAM KUTIKALODU SAMSARIKUNNU
300
_a
94
520
_a
BIBLE STORY
650
_a
MALAYALAM SHORT STORIES
_z
KERALA
942
_c
BK
999
_c
1351
_d
1351